Silicon valley fever : Growth of high- technology culture

Sparad:
Bibliografiska uppgifter
Huvudupphovsman: Rogers, Everett M.
Materialtyp: Bok
Språk:Undetermined
Publicerad: New York Basic Books Publishers 1984
Ämnen:
Taggar: Lägg till en tagg
Inga taggar, Lägg till första taggen!
Thư viện lưu trữ: Trung tâm Học liệu Trường Đại học Cần Thơ
LEADER 00562nam a2200193Ia 4500
001 CTU_82650
008 210402s9999 xx 000 0 und d
082 |a 338.4 
082 |b R722 
100 |a Rogers, Everett M. 
245 0 |a Silicon valley fever : 
245 0 |b Growth of high- technology culture 
245 0 |c Everett M. Rogers, Judith K. Larsen 
260 |a New York 
260 |b Basic Books Publishers 
260 |c 1984 
650 |a Microelectronics industry 
904 |i QHieu(sửa) 
980 |a Trung tâm Học liệu Trường Đại học Cần Thơ